| 000 | 00728nam a2200241 a 4500 | ||
|---|---|---|---|
| 001 | BRCA_450 | ||
| 005 | 20190320203022.0 | ||
| 008 | 171106c1979----sp-a---###---#000-0#spa-# | ||
| 020 | _a8420670049 | ||
| 050 | 4 |
_aN7445 _b.P22 1979 |
|
| 100 | 1 |
_aPanofsky, Erwin _d1892-1968 _91543 |
|
| 245 | 1 | 0 |
_aEl significado de las artes visuales _cErwin Panofsky. |
| 260 |
_aMadrid _bAlianza _c1979 |
||
| 300 |
_a386 p. _bil. _c18 cm. |
||
| 440 | 0 |
_aAlianza forma _v4 _91443 |
|
| 500 | _aTraducción de: Meaning in the Visual Arts | ||
| 504 | _aBibliografía: p. 10-16 | ||
| 650 | 1 | 4 |
_aArtes visuales _91544 |
| 650 | 1 | 4 |
_aEstética _vEnsayos _91545 |
| 650 | 1 | 4 |
_aIconografía _vEnsayos _91546 |
| 650 | 1 | 4 |
_aEstilo _vEnsayos _91547 |
| 942 |
_2lcc _cB |
||
| 999 |
_c385 _d385 |
||